UNDERSTANDING THE SOCIAL DIMENSION OF SUSTAINABILITY (Record no. 12783)

MARC details
000 -LEADER
fixed length control field 00428nam a22001697a 4500
003 - CONTROL NUMBER IDENTIFIER
control field OSt
005 - DATE AND TIME OF LATEST TRANSACTION
control field 20211014133802.0
008 - FIXED-LENGTH DATA ELEMENTS--GENERAL INFORMATION
fixed length control field 211014b |||||||| |||| 00| 0 eng d
020 ## - INTERNATIONAL STANDARD BOOK NUMBER
International Standard Book Number 9780415536677
040 ## - CATALOGING SOURCE
Transcribing agency HU
082 ## - DEWEY DECIMAL CLASSIFICATION NUMBER
Classification number 304.2/UND
100 ## - MAIN ENTRY--PERSONAL NAME
Personal name JESSE DILLARD
9 (RLIN) 13702
245 ## - TITLE STATEMENT
Title UNDERSTANDING THE SOCIAL DIMENSION OF SUSTAINABILITY
260 ## - PUBLICATION, DISTRIBUTION, ETC.
Name of publisher, distributor, etc. NEW YORK
Place of publication, distribution, etc. ROUTLEDGE
Date of publication, distribution, etc. 2009
300 ## - PHYSICAL DESCRIPTION
Extent 300P
942 ## - ADDED ENTRY ELEMENTS (KOHA)
Source of classification or shelving scheme Dewey Decimal Classification
Koha item type Books like text book referance book
Suppress in OPAC No
Holdings
Withdrawn status Lost status Source of classification or shelving scheme Damaged status Not for loan Home library Current library Shelving location Date acquired Total Checkouts Full call number Barcode Date last seen Copy number Price effective from Koha item type
    Dewey Decimal Classification     Social Library Social Library General Stacks 10/14/2021   304.2/UND SHLIB00009759 10/14/2021 1 10/14/2021 Books like text book referance book